PRINCIPLES OF ANATOMY AND PHYSIOLOGY WITH STUDAY GUIDE (Record no. 34825)
[ view plain ]
| 000 -LEADER | |
|---|---|
| fixed length control field | 00433nam a22001697a 4500 |
| 003 - CONTROL NUMBER IDENTIFIER | |
| control field | SGT |
| 020 ## - INTERNATIONAL STANDARD BOOK NUMBER | |
| International Standard Book Number | 9789357461641 |
| 082 ## - DEWEY DECIMAL CLASSIFICATION NUMBER | |
| Classification number | 611 |
| Item number | P24T |
| 100 ## - MAIN ENTRY--PERSONAL NAME | |
| Personal name | TORTORA, GERAD.J. |
| 245 ## - TITLE STATEMENT | |
| Title | PRINCIPLES OF ANATOMY AND PHYSIOLOGY WITH STUDAY GUIDE |
| 250 ## - EDITION STATEMENT | |
| Edition statement | 16TH |
| 260 ## - PUBLICATION, DISTRIBUTION, ETC. (IMPRINT) | |
| Place of publication, distribution, etc | DELHI |
| Name of publisher, distributor, etc | WILLEY |
| Year of Publication | 2024 |
| 300 ## - PAGE DESCRIPTION | |
| No. of Pages | 1023:, I-36, 214 |
| 650 ## - SUBJECT ADDED ENTRY--TOPICAL TERM | |
| Topical term or geographic name as entry element | ANATOMY & PHYSIOLOGY |
| 653 ## - KEYWORDS--INDEX TERM | |
| Keyword term | PRINCIPLES , ANATOMY , PHYSIOLOGY |
| 942 ## - ADDED ENTRY ELEMENTS (KOHA) | |
| Source of classification or shelving scheme | Dewey Decimal Classification |
| Koha item type | Books |
| Withdrawn status | Lost status | Source of classification or shelving scheme | Damaged status | Use restrictions | Not for loan | Collection code | Home library | Current library | Shelving location | Date acquired | Vendor Name | Cost, normal purchase price | SGTU | Bill Number | Total Checkouts | Full call number | Accession No. (Barcode) | Date last seen | Bill Date | Koha item type |
|---|---|---|---|---|---|---|---|---|---|---|---|---|---|---|---|---|---|---|---|---|
| Dewey Decimal Classification | Restricted Access | PHARMACY | SGT FA-FP Library | SGT FA-FP Library | Reference Book | 08/05/2026 | ABC PVT. LTD. | 3795.00 | SGTU | 22929 | 611 P24T | FP5633 | 08/05/2026 | 22/04/2026 | Books | |||||
| Dewey Decimal Classification | Restricted Access | PHARMACY | SGT FA-FP Library | SGT FA-FP Library | Reference Book | 08/05/2026 | ABC PVT. LTD. | 3795.00 | SGTU | 22929 | 611 P24T | FP5634 | 08/05/2026 | 22/04/2026 | Books |